Pierwsze państwo na każdą literkę - Statystyki

Ogólne statystyki
  • Ten quiz został rozwiązany 66 razy
  • Średni wynik to 13 z 24
Statystyki odpowiedzi
# Państwo % Poprawnych
A Afganistan
80%
D Dania
75%
Ł Łotwa
69%
O Oman
69%
V Vanuatu
67%
G Gabon
63%
I Indie
63%
H Haiti
59%
Z Zambia
59%
B Bahamy
57%
M Macedonia Północna
55%
U Uganda
55%
F Fidżi
53%
J Jamajka
51%
K Kambodża
49%
L Laos
49%
P Pakistan
49%
W Watykan
49%
N Namibia
45%
T Tadżykistan
43%
E Egipt
41%
C Chile
33%
R Republika Południowej Afryki
29%
S Saint Kitts i Nevis
22%
Nie znaleziono quizów pasujących do podanych kryteriów
Rozkład punktacji
Procent ludzi z każdym wynikiem
Percentyl według liczby udzielonych odpowiedzi
Twoja historia wyników
Nie rozwiązałeś tego quizu